• 首页
  • 本馆介绍
  • 公告通知
  • 最新文献
  • 馆藏检索
  • 电子资源
  • 读者导购
  • 参考咨询
  • 我的图书馆
  • 登录
  • 详细信息显示
  • 放入我的书架
  • 预约/预借图书
  • 作者相关作品
  • 分类相关作品
  • 丛书相关作品
  • 出版社相关作品

书目信息

  • 表格格式
  • 工作单格式
  • 卡片格式
题名:
四书评
    
 
作者: 孔子 编
分册: 四  
出版信息:   出版者不详  
页数: 1册
开本: 20.5*13cm
丛书名:
单 册:
中图分类: B222.1
科图分类:
主题词: 先秦哲学
电子资源:
ISBN:
000 00513nam0 2200205 450
001 0633024343
005 20061018092322.18
010    @b线装@dCNY5.00(函)
100    @a20061018d km y0chiy0120 ea
101 0  @achi
200 1  @a四书评@Asi shu ping@h四@f孔子编@Fkong zi bian
210    @c出版者不详
215    @a1册@d20.5*13cm
300    @a一至四册为一函
307    @a水浸
606 0  @a先秦哲学
690    @aB222.1@v3
701  0 @a孔子@Akong zi@4编
801  0 @aCN@bPFT@c20061018
905    @a10447@dB222.1@e10:4
    
    四书评.四/孔子编.-出版者不详
    1册;20.5*13cm
    一至四册为一函
    
    ISBN (线装):CNY5.00(函)
    
●
相关链接 在E读中查询图书 在五车中查询图书 在当当中查询图书 在豆瓣中查询图书


正题名:四书评     索取号:B222.1/10:4         预约/预借

序号 登录号 条形码 馆藏地/架位号 状态 备注
1 0265564   202404594   古籍典藏专区/ [索取号:B222.1/10:4] 在馆    
2 0265568   202404638   古籍典藏专区/ [索取号:B222.1/10:4] 在馆    
唐山师范学院图书馆 欢迎您!
大连网信软件有限公司© 版权所有